| 000 | 01973nam a2200373Ia 4500 | ||
|---|---|---|---|
| 005 | 20140903173744.0 | ||
| 008 | 131210s2011 sp fr 001 0dspa | ||
| 020 | _a8425418895 (De la 2 edición de Herder 1999) | ||
| 020 | _a844930685X (V.3 de la editorial Paidós Orientalia (1999) | ||
| 020 | _a9788449324314 (V.1 de la serie Paidós Orientalia (Presentación octubre 2010-2011) | ||
| 020 | _a978844932503 (V.2 de la serie Paidós Orientalia (Presentación octubre 2010-2011) | ||
| 020 | _a9788449326325 (V.3 de la serie Paidós Orientalia (Presentación octubre 2010-2011) | ||
| 040 |
_aCO-BoUCM _bspa _cJavier Garzón (modificó) _dAldemar Mondragón (modificó) |
||
| 041 | 0 | 0 | _aspa |
| 100 | 1 |
_aEliade, Mircea _d1907-1986 _942279 |
|
| 245 | 1 | 0 |
_aHistoria de las creencias y de las ideas religiosas _cMircea Eliade ; traducción de Jesús Valiente Malla |
| 260 |
_aBarcelona (España) _bPaidós _c2010 _g2011 |
||
| 300 | _a3 volúmenes | ||
| 490 | _aPaidos orientalia | ||
| 500 | _aIncluye índices | ||
| 505 | 0 |
_gV.1 _tDe la edad de piedra a los misterios de Eleusis _gV.2 _tDe Gautama Buda al triunfo del cristianismo. -- _gV.3 _tDe Mahoma a la era de las reformas _rDe la serie Paidós Orientalia (1a edición en esta presentación octubre 2010-2011) |
|
| 505 | 0 |
_gV.3 _tDe Mahoma a la era de las reformas _rDe la editorial Paidós Orientalia (1999) |
|
| 505 | 0 |
_tDesde la época de los descubrimientos hasta nuestros días _rDe la 2 edición de Herder 1999 |
|
| 650 | 7 |
_aFe _xHistoria _915612 |
|
| 650 | 7 |
_aReligión _vAspectos sociales _xHistoria _923497 |
|
| 650 | 7 |
_aReligión _xAspectos políticos _xHistoria _923497 |
|
| 650 | 7 |
_aReligión _xHistoria _951419 |
|
| 650 | 7 |
_aTeología _925230 |
|
| 690 |
_942816 _aFilosofía de la religión |
||
| 700 | 1 |
_aValiente Malla, Jesús _etraductor _952568 |
|
| 765 | 0 | _tHistoire des croyances et des idées religieuses | |
| 942 |
_cLIBRO _a4 _e2 _mE421h _2DEWEY _h200.9 |
||
| 999 |
_c57885 _d57885 |
||